Tibet /

Bibliographic Details
Other Authors: Ngapo Ngawang Jigmei
Format: Book
Language:English
Published: New York, N.Y. : McGraw-Hill, 1981.
Subjects:

MARC

Tag First Indicator Second Indicator Subfields
LEADER 00000cam a22000008a 4500
001 in00000071076
005 20151008062037.0
008 810508s1981 nyu b 00000 eng
010 |a  81008178  
020 |a 0070325383 
035 |a (OCoLC)07555700 
035 |9 AAJ9399AM 
039 0 |a 2  |b 3  |c 3  |d 3  |e 3 
040 |a DLC  |c DLC  |d TXA  |d UtOrBLW 
043 |a a-cc-ti 
049 |a TXAM  |c [1672009] 
050 0 0 |a DS786  |b .T493 
082 0 |a 951/.505  |2 19 
245 0 0 |a Tibet /  |c authors, Ngapo Ngawang Jigmei [and others] ; with a preface by Harrison Salisbury ; design by Massimo Vignelli. 
263 |a 8109 
264 1 |a New York, N.Y. :  |b McGraw-Hill,  |c 1981. 
300 |a 296 pages :  |b illustrations (some color) ;  |c 31 cm. 
336 |a text  |b txt  |2 rdacontent 
337 |a unmediated  |b n  |2 rdamedia 
338 |a volume  |b nc  |2 rdacarrier 
500 |a "A book by Jugoslovenska revija Belgrade and the Shanghai People's Art Publishing House." 
504 |a Bibliography: pages 294-296. 
651 0 |a Tibet Autonomous Region (China)  |x Description and travel. 
700 0 |a Ngapo Ngawang Jigmei. 
999 |a MARS 
999 f f |s 675d095a-c422-308a-837b-07da656c9091  |i 34ddc6e8-6d3d-3f9f-b016-fd3b81d04600  |t 0 
952 f f |p ric  |a Texas A&M University  |b Rellis Campus  |c Joint Library Facility  |d Remote Storage  |t 0  |e DS786 .T493  |h Library of Congress classification  |i unmediated -- volume  |m A14806102611 
998 f f |a DS786 .T493  |t 0  |l Remote Storage